Quiz sur Jupiter - Statistiques

Statistiques générales
  • Ce quiz a été pris 110 fois
  • Le résultat moyen est 8 sur 16
Statistiques - réponses
Question Réponse % Correct
Equivalent grec du Dieu romain Jupiter Zeus
88%
Terme désignant une planète telle que Jupiter {Géante} Gazeuse
82%
Première personne à voir les lunes de Jupiter, en 1610 Galileo Galilei
80%
On pense que cette lune de Jupiter est recouverte d'une couche d'eau et de glace de 100 km d'épaisseur Europe
69%
Deux éléments dont Jupiter est composée principalement Hydrogène
69%
"Ceinture" entre les orbites de Mars et Jupiter Ceinture d'astéroïdes
66%
Deux éléments dont Jupiter est composée principalement Hélium
64%
La plus grande lune de Jupiter et la plus grande du système solaire Ganymède
59%
Plus de 400 _____ se trouvent à la surface de la lune Io Volcans
42%
Sonde, du nom de la femme de Jupiter, qui est entrée sur l'orbite de Jupiter en 2016 Juno
40%
Tempête à sa surface qui existe depuis au moins 1830 Grande Tâche Rouge
38%
Deuxième plus grande lune de Jupiter Callisto
36%
Shoemaker–Levy 9, qui s'est écrasé sur Jupiter en 1994, était ce type d'objet Comète
31%
L'adjectif de Mars est martien. L'adjectif de Vénus est vénusien. Quelle est l'adjectif de Jupiter? Jovien
26%
Substance de formule chimique NH 3 qui compose les nuages ​​de glace dans une couche de l'atmosphère de Jupiter Ammoniac
22%
Les astronomes de cette ville ont été les premiers à créer des observations écrites de Jupiter, qu'ils ont nommées d'après leur dieu Marduk Babylone
16%
Aucun quiz correspondant
Distribution des résultats
% des personnes avec chaque résultat
Percentile par nombre de réponses
Votre historique - résultats
Vous n’avez pas pris ce quiz